In Flander's Fields Words - Statistics

General Stats
  • This quiz has been taken 96 times
  • The average score is 66 of 97
Answer Stats
Words % Correct
fields
100%
fields
100%
Fields
100%
Flander's
100%
Flander's
100%
Flander's
100%
In
100%
in
100%
In
100%
In
100%
the
98%
the
98%
the
98%
The
98%
the
98%
the
98%
the
98%
The
98%
poppies
94%
poppies
94%
on
86%
be
84%
We
84%
We
84%
we
84%
we
84%
We
84%
row
80%
row,
80%
and
76%
and
76%
and
76%
blow
76%
grow
76%
crosses
73%
are
71%
Between
71%
To
71%
to
71%
you
71%
dead;
63%
not
63%
our
63%
our
63%
That
63%
were
63%
who
61%
die
59%
glow,
59%
it
59%
lie
59%
torch;
59%
with
59%
with
59%
ago
57%
mark
57%
saw
57%
sky,
57%
sunset
57%
ye
57%
dawn,
55%
days
55%
fly,
55%
If
55%
larks
55%
lived,
55%
now
55%
place,
55%
short
55%
singing,
55%
still
55%
Take
55%
us
55%
yours
55%
hold
53%
Loved
53%
loved,
53%
shall
53%
sleep,
53%
though
53%
up
53%
bravely
51%
foe!
51%
high!
51%
faith
49%
felt
49%
hands
49%
quarrel
49%
amid
47%
break
47%
failing
47%
guns
47%
heard
47%
throw
47%
below.
45%
from
43%
Scarce
43%
No matching quizzes found
Score Distribution
Percent of People with Each Score
Percentile by Number Answered
Your Score History
You have not taken this quiz